| Tag |
First Indicator |
Second Indicator |
Subfields |
| LEADER |
00000cam a2200000 a 4500 |
| 001 |
in00003723513 |
| 005 |
20190412184935.0 |
| 006 |
m|||||o||d|||||||| |
| 007 |
cr ||||||||||| |
| 008 |
110113s1988 caua fo 000|0|eng|d |
| 020 |
|
|
|a 9781412986069 (ebook) :
|c No price
|
| 035 |
|
|
|a (StDuBDS)EDZ0000018837
|
| 040 |
|
|
|a StDuBDS
|b eng
|c StDuBDS
|e pn
|d UtOrBLW
|
| 050 |
|
4 |
|a H62
|
| 082 |
0 |
4 |
|a 300.723
|2 22
|
| 100 |
1 |
|
|a Weller, Susan C.
|0 http://id.loc.gov/authorities/names/n87873395
|
| 245 |
1 |
0 |
|a Systematic data collection /
|c Susan C. Weller, A. Kimball Romney.
|
| 264 |
|
1 |
|a Newbury Park, Calif. ;
|a London :
|b SAGE,
|c [1988]
|
| 264 |
|
4 |
|c ©1988
|
| 300 |
|
|
|a 1 online resource (96 pages) :
|b illustrations.
|
| 336 |
|
|
|a text
|b txt
|2 rdacontent
|
| 337 |
|
|
|a computer
|b c
|2 rdamedia
|
| 338 |
|
|
|a online resource
|b cr
|2 rdacarrier
|
| 490 |
1 |
|
|a Qualitative research methods ;
|v v. 10
|
| 500 |
|
|
|a "A SAGE university paper."
|
| 520 |
8 |
|
|a The message of this concise volume is that data collection in the field can be carried out in a structured, systematic and scientific way. It compels field researchers to take very seriously not only what they hear, but what they ask.
|
| 588 |
|
|
|a Description based on print version record.
|
| 504 |
|
|
|a Includes bibliographical references.
|
| 500 |
|
|
|a Electronic resource.
|
| 650 |
|
0 |
|a Social sciences
|x Fieldwork.
|0 http://id.loc.gov/authorities/subjects/sh85124009
|
| 650 |
|
0 |
|a Social sciences
|x Research.
|0 http://id.loc.gov/authorities/subjects/sh85124014
|
| 650 |
|
0 |
|a Interviewing.
|0 http://id.loc.gov/authorities/subjects/sh85067550
|
| 655 |
|
7 |
|a Electronic books.
|2 local
|
| 700 |
1 |
|
|a Romney, A. Kimball
|q (Antone Kimball)
|0 http://id.loc.gov/authorities/names/n87873396
|
| 776 |
1 |
8 |
|i Print version :
|z 9780803930742
|
| 830 |
|
0 |
|a Qualitative research methods ;
|v v. 10.
|0 http://id.loc.gov/authorities/names/n84726854
|
| 856 |
4 |
0 |
|u http://proxy.library.tamu.edu/login?url=http://methods.sagepub.com/book/systematic-data-collection
|z Connect to the full text of this electronic book
|t 0
|
| 999 |
f |
f |
|s 31e6601f-a292-3207-b2e5-a465b5e2e60d
|i 90bb57cf-c9af-332a-b5e4-37c935ef2670
|t 0
|
| 952 |
f |
f |
|a Texas A&M University
|b College Station
|c Electronic Resources
|d Available Online
|t 0
|e H62
|h Library of Congress classification
|
| 998 |
f |
f |
|a H62
|t 0
|l Available Online
|